Central Library OPAC University of Rajshahi

مدراس مىں اردو ;; men̲ Urdū / (Record no. 83901)

MARC details
000 -LEADER
fixed length control field 00966cam a22002297a 4500
001 - CONTROL NUMBER
control field 83901
003 - CONTROL NUMBER IDENTIFIER
rucl marc code BD-RjUL
005 - DATE AND TIME OF LATEST TRANSACTION
control field 20240604155803.0
008 - FIXED-LENGTH DATA ELEMENTS--GENERAL INFORMATION
fixed length control field 890928s1938 ii 000 0 urd
035 ## - SYSTEM CONTROL NUMBER
System control number (BD-RjUL) 83901
040 ## - CATALOGING SOURCE
Original cataloging agency DLC
Transcribing agency DLC
Modifying agency DLC
Language of cataloging eng
041 ## - LANGUAGE CODE
Language code of text/sound track or separate title urd
082 ## - DEWEY DECIMAL CLASSIFICATION NUMBER
Edition number 23
Classification number 954.82092
Author mark and year HAM 1938
100 1# - MAIN ENTRY--PERSONAL NAME
Personal name Hāshimī, Naṣīruddīn. ہاشمى، نصىرالدّىن
9 (RLIN) 13319
245 10 - TITLE STATEMENT
Title مدراس مىں اردو ;; men̲ Urdū /
Statement of responsibility, etc. az Naṣīruddīn Hāshimī. ;;; ز نصىرالدّىن ہاشمى.,. / az Naṣīruddīn Hāshmī.,
260 ## - PUBLICATION, DISTRIBUTION, ETC. (IMPRINT)
Place of publication, distribution, etc. [Ḥaidarābād, Dakin] :
Name of publisher, distributor, etc. Maktubat i Ibrahimiah masin press,
Date of publication, distribution, etc. 1938.
300 ## - PHYSICAL DESCRIPTION
Pagination 188 p. ;
Size 18 cm.
490 1# - SERIES STATEMENT
Series statement Silsilah-yi mat̤būʻāt-i Idārah-yi Adabiyāt-i Urdū ;
Volume/sequential designation shmārah 18
650 ## - SUBJECT ADDED ENTRY--TOPICAL TERM
Topical term or geographic name as entry element Biographies Criticism, interpretation, etc
Geographic subdivision India Tamil Nadu
9 (RLIN) 13321
830 #0 - SERIES ADDED ENTRY--UNIFORM TITLE
Uniform title Silsilah-yi mat̤būʻāt-i Idārah-yi Adabiyāt-i Urdū ;
Volume number/sequential designation nambar 18.
942 ## - ADDED ENTRY ELEMENTS (KOHA)
Source of classification or shelving scheme Dewey Decimal Classification
Koha item type Books
Holdings
Lost status Source of classification or shelving scheme Damaged status Not for loan Collection code Permanent Location Current Location Shelving location Date acquired Full call number Date last seen Copy number Koha item type
  Dewey Decimal Classification   Not For Loan Non-fiction Central Library, University of Rajshahi Central Library, University of Rajshahi Reading Room 04/06/2024 U 954.82092 HAM 1938 04/06/2024 C-1 Books